| Tag |
First Indicator |
Second Indicator |
Subfields |
| LEADER |
00000cam a2200000Ka 4500 |
| 001 |
in00002425156 |
| 006 |
m d |
| 007 |
cr un||||||||| |
| 008 |
041214s2003 enka s 001 0 eng d |
| 005 |
20260609193412.1 |
| 029 |
1 |
|
|a NZ1
|b 10533858
|
| 035 |
|
|
|a (OCoLC)57227375
|
| 040 |
|
|
|a EEICP
|c EEICP
|d UtOrBLW
|
| 049 |
|
|
|a TEFA
|
| 050 |
1 |
4 |
|a TA330
|b .B515 2003eb
|
| 082 |
0 |
4 |
|a 510/.2462
|2 22
|
| 100 |
1 |
|
|a Bird, J. O.
|
| 245 |
1 |
0 |
|a Engineering mathematics /
|c John Bird.
|
| 250 |
|
|
|a 4th ed.
|
| 264 |
|
1 |
|a Oxford ;
|a Boston :
|b Newnes,
|c 2003.
|
| 300 |
|
|
|a 1 online resource (x, 544 pages) :
|b illustrations
|
| 336 |
|
|
|a text
|b txt
|2 rdacontent
|
| 337 |
|
|
|a computer
|b c
|2 rdamedia
|
| 338 |
|
|
|a online resource
|b cr
|2 rdacarrier
|
| 500 |
|
|
|a Previous edition: 2001.
|
| 500 |
|
|
|a Includes index.
|
| 500 |
|
|
|a Electronic resource.
|
| 650 |
|
0 |
|a Engineering mathematics.
|
| 650 |
|
0 |
|a Engineering mathematics
|v Problems, exercises, etc.
|
| 655 |
|
7 |
|a Electronic books.
|2 local
|
| 710 |
2 |
|
|a Elsevier Science Publishers.
|
| 730 |
0 |
|
|a Referex.
|
| 776 |
1 |
|
|c Original
|z 0750657766
|w (OCoLC)51527299
|
| 856 |
4 |
0 |
|u http://proxy.library.tamu.edu/login?url=https://www.sciencedirect.com/science/book/9780080505701
|z Connect to the full text of this electronic book
|t 0
|
| 994 |
|
|
|a C0
|b TEF
|
| 999 |
|
|
|a MARS
|
| 999 |
f |
f |
|s 01dc6638-4b5d-3b8f-8d14-af73070a1806
|i 40243b7d-0bc3-36af-9881-16832aa5b85e
|t 0
|
| 952 |
f |
f |
|a Texas A&M University
|b College Station
|c Electronic Resources
|s www_evans
|d Available Online
|t 0
|e TA330 .B515 2003eb
|h Library of Congress classification
|
| 998 |
f |
f |
|a TA330 .B515 2003eb
|t 0
|l Available Online
|